[Event "Michigan Class B"]
[Site "Auburn Hills"]
[Date "2005.01.16"]
[Round "4.4"]
[White "Goetz, Robert"]
[Black "Thach, Scott"]
[Result "1-0"]
[WhiteElo "1711"]
[BlackElo "1764"]
[PlyCount "125"]
[EventDate "2005.01.15"]
[EventType "swiss"]
[EventRounds "5"]
[EventCountry "USA"]
[SourceTitle "EXT 2006"]
[Source "ChessBase"]
[SourceDate "2005.11.24"]
[SourceVersion "1"]
[SourceVersionDate "2005.11.24"]
[SourceQuality "1"]

1. e4 e6 2. d4 d5 3. Nc3 Nf6 4. Bg5 Be7 5. exd5 exd5 6. Nf3 Bf5 7. Bd3 Bg6 8. 0-0 0-0 9. Bxg6 fxg6 10. Ne5 c6 11. Qd3 Nbd7 12. Rfe1 Nxe5 13. Rxe5 Qc7 14. Re2 Ng4 15. Qh3 Bxg5 16. Qxg4 Bf6 17. Na4 Rf7 18. Rae1 Qd7 19. Qxd7 Rxd7 20. Nc5 Rc7 21. c3 Kf7 22. Kf1 Be7 23. Nd3 Bd6 24. Re3 Rd8 25. Rf3+ Kg8 26. h3 Rf7 27. Ree3 Rxf3 28. Rxf3 Re8 29. Re3 Rxe3 30. fxe3 Kf7 31. Ke2 Kf6 32. Kf3 Kf5 33. Nf2 Be7 34. e4+ dxe4+ 35. Nxe4 b6 36. b3 h6 37. c4 Ke6 38. Kf4 Bf6 39. Ke3 Be7 40. g4 Bb4 41. Nf2 Be7 42. Ke4 Bf6 43. Nd3 g5 44. b4 g6 45. b5 c5 46. dxc5 bxc5 47. Nxc5+ Kd6 48. Nd3 h5 49. c5+ Kc7 50. Kd5 Bd8 51. Ne5 Kb7 52. Nxg6 hxg4 53. hxg4 a6 54. a4 axb5 55. axb5 Bf6 56. Ne5 Be7 57. Nc4 Bd8 58. c6+ Kc7 59. b6+ Kb8 60. Kd6 Kc8 61. c7 Bf6 62. Kc6 Bd8 63. b7# 1-0

[Event "Lansing op"]
[Site "Lansing"]
[Date "2004.09.05"]
[Round "5"]
[White "Gattinger, John"]
[Black "Goetz, Robert"]
[Result "1-0"]
[WhiteElo "1737"]
[BlackElo "1677"]
[PlyCount "81"]
[EventDate "2004.09.03"]
[EventType "swiss"]
[EventRounds "7"]
[EventCountry "USA"]
[SourceTitle "EXT 2007"]
[Source "ChessBase"]
[SourceDate "2006.11.23"]
[SourceVersion "1"]
[SourceVersionDate "2006.11.23"]
[SourceQuality "1"]

1. d4 Nf6 2. c4 e6 3. Nc3 b6 4. Nf3 Bb7 5. e3 d6 6. Be2 Nbd7 7. b3 Ne4 8. Nxe4 Bxe4 9. Bb2 Be7 10. 0-0 Bf6 11. Bd3 Bxd3 12. Qxd3 0-0 13. Rad1 c6 14. e4 Qc7 15. Nd2 c5 16. f4 cxd4 17. Bxd4 Bxd4+ 18. Qxd4 e5 19. Qf2 exf4 20. Qxf4 Ne5 21. Nf3 Nxf3+ 22. Rxf3 Rad8 23. Rfd3 Rfe8 24. Rxd6 Qc5+ 25. Kf1 Rxd6 26. Rxd6 g5 27. Qg3 Rxe4 28. Rd5 Rf4+ 29. Qxf4 gxf4 30. Rxc5 bxc5 31. Kf2 Kg7 32. Kf3 Kf6 33. Kxf4 a5 34. g4 h6 35. h4 Ke6 36. Ke4 Kd6 37. Kf5 Ke7 38. h5 f6 39. Kg6 Ke6 40. Kxh6 Ke5 41. Kg6 1-0

[Event "Lansing op"]
[Site "Lansing"]
[Date "2004.09.05"]
[Round "4"]
[White "Goetz, Robert"]
[Black "Basa, Marvin"]
[Result "1-0"]
[WhiteElo "1677"]
[BlackElo "1584"]
[PlyCount "85"]
[EventDate "2004.09.03"]
[EventType "swiss"]
[EventRounds "7"]
[EventCountry "USA"]
[SourceTitle "EXT 2007"]
[Source "ChessBase"]
[SourceDate "2006.11.23"]
[SourceVersion "1"]
[SourceVersionDate "2006.11.23"]
[SourceQuality "1"]

1. d4 d6 2. e4 e5 3. dxe5 Bd7 4. exd6 Bxd6 5. Nf3 Qe7 6. Bd3 Nc6 7. Bg5 Nf6 8. Nbd2 Bg4 9. h3 Bh5 10. Bb5 Rd8 11. 0-0 0-0 12. Bxc6 bxc6 13. Re1 h6 14. Bxf6 Qxf6 15. g4 Qg6 16. Nh2 Bxh2+ 17. Kxh2 Bxg4 18. hxg4 Qd6+ 19. Kg2 Qxd2 20. Qxd2 Rxd2 21. Rac1 Re8 22. Kf3 c5 23. Re3 Rd4 24. Rce1 Re6 25. c3 Rd2 26. R1e2 Rf6+ 27. Kg3 Rfd6 28. f4 g5 29. fxg5 hxg5 30. e5 R6d3 31. Kf3 Rd1 32. Rxd3 Rxd3+ 33. Ke4 Rd1 34. Kf5 Kg7 35. Kxg5 c6 36. b3 Rd3 37. c4 Rd4 38. e6 Kf8 39. Rf2 Ke7 40. exf7 Rd8 41. f8Q+ Rxf8 42. Rxf8 Kxf8 43. Kf6 1-0